000 00609nam a2200205Ia 4500
003 OSt
005 20251015125302.0
008 220917b |||||||| |||| 00| 0 eng d
020 _a0404088007
037 _cTB
040 _aARTS
_cARTS
_beng
041 _2eng
_aeng
084 _aO111,3M04x L6.2(RR)
_qAL
100 _aDisraeli B
_916604
245 0 _aContarini Fleming
_b A psychological romance
260 _aNew York:
_bM Walter Dunn USA,
_c1976.
650 _aENGLISH LITERATURE
_9848423
942 _hO111,3M04x L6.2(RR)
_cTB
_2CC
_n0
999 _c122615
_d122615